Catálogo

SEGUNDA JORNADA DE INVESTIGACION 1994 SEMINARIO : (Registro nro. 33681)

Detalles MARC
000 -LEADER
fixed length control field 00544nam a2200157 a 4500
001 - CONTROL NUMBER
control field 33681
005 - DATE AND TIME OF LATEST TRANSACTION
control field 20180714001646.0
008 - FIXED-LENGTH DATA ELEMENTS--GENERAL INFORMATION
fixed length control field 140415s1994 000 0 spa d
020 ## - INTERNATIONAL STANDARD BOOK NUMBER
International Standard Book Number 9688591661
041 ## - LANGUAGE CODE
Language code of text/sound track or separate title spa
082 ## - DEWEY DECIMAL CLASSIFICATION NUMBER
Classification number 378.017
Item number SEG
245 00 - TITLE STATEMENT
Title SEGUNDA JORNADA DE INVESTIGACION 1994 SEMINARIO :
Remainder of title PREPARATORIO: LA UNIVERSIDAD LATINOAMERICANA FRENTE A...
260 ## - PUBLICATION, DISTRIBUTION, ETC.
Place of publication, distribution, etc. [s.l.] :
Name of publisher, distributor, etc. UIA,
Date of publication, distribution, etc. 1994
300 ## - PHYSICAL DESCRIPTION
Extent 166
650 14 - SUBJECT ADDED ENTRY--TOPICAL TERM
Topical term or geographic name entry element EDUCACION SUPERIOR
General subdivision EDUCACION Y DESARROLLO
-- EDUCACION Y SOCIEDAD
-- SECTOR PRODUCTIVO
-- EDUCACION
Existencias
Withdrawn status Lost status Source of classification or shelving scheme Damaged status Not for loan Collection code Home library Current library Shelving location Date acquired Source of acquisition Inventory number Total Checkouts Full call number Barcode Date last seen Price effective from Koha item type
    Dewey Decimal Classification     General Biblioteca Karol Wojtyla Biblioteca Karol Wojtyla Sala general 03/12/2013 Compra 151000000000000000040483   378.017 SEG 51221 05/01/2026 03/12/2013 Libro